000 00684nam a2200253Ia 4500
003 OSt
005 20220918165604.0
006 a|||||r|||| 00| 0
007 ta
008 220917b |||||||| |||| 00| 0 eng d
020 _a8170001994 (hbk)
024 _a37,055
037 _cTextual
040 _aARTS
_cARTS
_beng
041 _2eng
_aeng
082 _a2:2, N6 (2D)
100 _aRamaiah L S
245 0 _aLibrary and information science in India
_b glimpses and reflections
260 _aNew Delhi
_bEss Ess Pub
_c1996
300 _a195p.
_ccm.
650 _aLIBRARY SCIENCE
942 _h2:2, N6 (2D)
_cTEXL
_2CC
999 _c130443
_d130443